zpět

Detail výsledku týmu

Šnyt, Šternberk

Datum a čas kvízu

39 Celkem bodů Celkový počet nahraných bodů na tomto kvízu bez doplňovacích otázek.
1. Pořadí na kvízu Konečné umístění týmu na tomto kvízu.

Zaznamenané odpovědi

# Otázka Odpověď Body Výsledky
1. Ve středu se v Praze konal již... Big Brother Awards (Ceny Velkého bratra) 0
2. V jedné evropské zemi rezignov... o Ukrajině 1
3. Jedna z nejslavnějších rockový... Genesis 1
4. V úterý byl vyhlášen Podnikate... Oliver Dlouhý 0
5. O víkendu bojoval český davisc... s týmem Slovenska 1
6. V následujících pěti otázkách... krokodýl 1
7. Desomorfin je syntetický opioi... v Rusku 1
8. Značka Crocs je známá předevší... v USA 0
9. Česká rodinná komedie Jak se k... Marie Poledňáková 1
10. Jak si říká muž, který v roce... Elton John 1